| 000 | 00731nam a2200277Ia 4500 | ||
|---|---|---|---|
| 008 | 170203s9999 xx 000 0 und d | ||
| 020 | _a1878624482 | ||
| 050 | _aFic | ||
| 050 | _bD818t | ||
| 100 | _aDubowski, Cathy East. | ||
| 245 | 4 | _aThe Christmas Santa almost missed / | |
| 245 | _cby Cathy East Dubowski ; pictures by Nan Pollard. | ||
| 260 | _aNew York, NY : | ||
| 260 | _bMcClanahan Book Co., | ||
| 260 | _c ©1990. | ||
| 300 | _a1 v. (unpaged) : | ||
| 300 | _bcolor illustrations ; | ||
| 300 | _c21 cm. | ||
| 440 | _aStorytime Christmas books. | ||
| 650 | _aChristmas -- | ||
| 650 | _aElves -- | ||
| 650 | _aSanta Claus -- | ||
| 650 | _xFiction. | ||
| 650 | _xFiction. | ||
| 650 | _xFiction. | ||
| 999 |
_c306489 _d306489 |
||